000 00944 a2200205 4500
001 122889
020 _a9788541805858
040 _cEscola Canadense de Niteroi
090 _aGUS-P2
100 _aDecis, Anne
245 1 0 _aPapai esteve na floresta
250 _a1.ed.
260 _aSão Paulo
300 _bil.
_c9 x 0.4 x 19 cm
362 0 _a2017
520 _aNa floresta onde o pai de Theo esteve existem árvores tão grandes e grossas que seria preciso todas as crianças da classe para abraçar apenas uma delas... Nas profundezas da Amazônia Equatoriana, onde vive boa parte do povo Záparo e a imponente harpia – ave de rapina que devora macacos –, tudo é bem diferente do que o garoto da cidade está acostumado a ver em seu dia a dia. Um diário divertido com as impressões de uma criança a partir dos relatos de viagem de seu pai.
650 4 _aLiteratura Infantil
650 4 _aAção ou Aventura
942 _cBK
999 _c122889
_d122889